die erde als himmelskörper (Record no. 6703)

MARC details
000 -CABECERA
campo de control de longitud fija 00751nam a2200229 a 4500
001 - NÚMERO DE CONTROL
campo de control BRCA_7022
005 - FECHA Y HORA DE LA ÚLTIMA TRANSACCIÓN
campo de control 20190321142930.0
008 - DATOS DE LONGITUD FIJA--INFORMACIÓN GENERAL
campo de control de longitud fija 291111s1909----gw-a######---#000-0#ger-#
041 ## - CÓDIGO DE LENGUA
Código de lengua del texto/banda sonora o título independiente ger
044 ## - CÓDIGO DEL PAÍS DE LA ENTIDAD EDITORA/PRODUCTORA
Código MARC del país gw
050 #4 - SIGNATURA TOPOGRÁFICA DE LA BIBLIOTECA DEL CONGRESO
Número de documento/Ítem .M47 1909
100 1# - ENTRADA PRINCIPAL--NOMBRE DE PERSONA
Nombre de persona Messerschmitt, Johann Baptist
Fechas asociadas al nombre 1861-1912
9 (RLIN) 17467
245 10 - MENCIÓN DE TÍTULO
Título die erde als himmelskörper
Resto del título eine astronomische Geographie
Mención de responsabilidad, etc. von Dr. J. B. Messerschmitt.
260 ## - PUBLICACIÓN, DISTRIBUCIÓN, ETC.
Lugar de publicación, distribución, etc. Stuttgart
Nombre del editor, distribuidor, etc. Strcker & Schroder
Fecha de publicación, distribución, etc. 1909
300 ## - DESCRIPCIÓN FÍSICA
Extensión xi, 212 p.
Otras características físicas il.
Dimensiones 22 cm.
440 #0 - MENCIÓN DE SERIE/PUNTO DE ACCESO ADICIONAL--TÍTULO
Título Naturwissenschaftliche Wegweiser : Sammlung gemeinverständlicher Darstellungen / Herausgegeben von Kurt Lampert
Designación de volumen o secuencia 1
9 (RLIN) 17468
500 ## - NOTA GENERAL
Nota general L204
650 14 - PUNTO DE ACCESO ADICIONAL DE MATERIA--TÉRMINO DE MATERIA
Término de materia o nombre geográfico como elemento de entrada Astronomía
9 (RLIN) 7908
650 14 - PUNTO DE ACCESO ADICIONAL DE MATERIA--TÉRMINO DE MATERIA
Término de materia o nombre geográfico como elemento de entrada Ciencia
9 (RLIN) 14431
902 ## - CATALOGADOR
Iniciales GFM
942 ## - ELEMENTOS DE PUNTO DE ACCESO ADICIONAL (KOHA)
Fuente del sistema de clasificación o colocación Library of Congress Classification
Tipo de ítem Koha Libros
Holdings
Estado de retiro Estado de pérdida Estado dañado No para préstamo Localización permanente Ubicación/localización actual Fecha de adquisición Número de inventario Total de préstamos Signatura topográfica completa Código de barras Fecha visto por última vez Precio válido a partir de Tipo de ítem Koha
El ejemplar forma parte de la colección y puede ser consultado según las políticas vigentes.       Biblioteca del Museo Franz Mayer (Rogerio Casas-Alatriste) Biblioteca del Museo Franz Mayer (Rogerio Casas-Alatriste) 29/11/2011 L204   .M47 1909 (L204) 7469 22/03/2019 22/03/2019 Libros